[Event "Czech Coal"]
[Site "Carlsbad CZE"]
[Date "2007.09.15"]
[Round "7"]
[White "Navara, D."]
[Black "Korchnoi, V."]
[Result "1-0"]
[WhiteElo "2656"]
[BlackElo "2610"]
[PlyCount "93"]
[EventDate "2007.09.08"]
[SourceDate "1999.07.01"]

1. Nf3 d5 2. c4 e6 3. d4 Nf6 4. Nc3 Be7 5. Bg5 h6 6. Bh4 O-O 7. e3 Ne4 8. Bxe7
Qxe7 9. Qc2 Nxc3 10. Qxc3 dxc4 11. Bxc4 b6 12. O-O Bb7 13. Be2 Rc8 14. b4 Nd7
15. Rfc1 c6 16. Nd2 a5 17. bxa5 Rxa5 18. Nc4 Ra7 19. Qb2 Ba6 20. Bf3 Bxc4 21.
Rxc4 c5 22. g3 Rb8 23. a4 Qf6 24. Kg2 cxd4 25. Rxd4 Ra5 26. Rb1 Nc5 27. Qc3 e5
28. Qxa5 bxa5 29. Rxb8+ Kh7 30. Rd5 e4 31. Bg4 Nd3 32. Rf5 Ne1+ 33. Kh3 Qd6 34.
Rb7 h5 35. Bxh5 Kh6 36. Bxf7 g6 37. Rd5 Qa6 38. Rdb5 Nf3 39. R7b6 Qc8+ 40. g4
Ng1+ 41. Kg3 Qc7+ 42. Kg2 Qxf7 43. Kxg1 Qd7 44. h3 Qd1+ 45. Kh2 Qc2 46. Kg2 Kg7
47. Rxa5 1-0

[Event "60th ch-RUS Higher League"]
[Site "Krasnoyarsk RUS"]
[Date "2007.09.05"]
[Round "3"]
[White "Sakaev, K."]
[Black "Lysyj, I."]
[Result "1/2-1/2"]
[WhiteElo "2634"]
[BlackElo "2578"]
[PlyCount "71"]
[EventDate "2007.09.03"]
[SourceDate "1999.07.01"]

1. d4 Nf6 2. c4 e6 3. Nf3 d5 4. Nc3 Be7 5. Bg5 O-O 6. e3 h6 7. Bh4 Ne4 8. Bxe7
Qxe7 9. Rc1 c6 10. Bd3 Nxc3 11. Rxc3 Nd7 12. Qc2 dxc4 13. Bxc4 b6 14. Bd3 c5
15. Bh7+ Kh8 16. Be4 Rb8 17. O-O Ba6 18. Rc1 Rfc8 19. h3 Kg8 20. Qa4 Bb7 21.
Bxb7 Rxb7 22. Qb5 Rbc7 23. b4 Qd6 24. bxc5 bxc5 25. dxc5 Nxc5 26. Nd4 Nd7 27.
Rxc7 Rxc7 28. Rxc7 Qxc7 29. Nc6 Kf8 30. Qb4+ Kg8 31. Qb5 Kf8 32. a4 Qb6 33. Qc4
Nc5 34. Qb5 Qxb5 35. axb5 a6 36. bxa6 1/2-1/2

[Event "12th HIT Open A"]
[Site "Nova Gorica SLO"]
[Date "2007.02.01"]
[Round "9"]
[White "Ivanisevic, I."]
[Black "Korneev, O."]
[Result "1/2-1/2"]
[WhiteElo "2602"]
[BlackElo "2606"]
[PlyCount "27"]
[EventDate "2007.01.26"]
[SourceDate "1999.07.01"]

1. d4 d5 2. c4 e6 3. Nc3 Nf6 4. Bg5 Be7 5. e3 O-O 6. Nf3 h6 7. Bh4 Ne4 8. Bxe7
Qxe7 9. Rc1 c6 10. Bd3 Nxc3 11. Rxc3 Nd7 12. cxd5 exd5 13. O-O Re8 14. Qb1
1/2-1/2

[Event "Australian Open"]
[Site "Tuggeranong AUS"]
[Date "2007.01.05"]
[Round "8"]
[White "Bluvshtein, M."]
[Black "Rogers, I."]
[Result "1/2-1/2"]
[WhiteElo "2541"]
[BlackElo "2526"]
[PlyCount "35"]
[EventDate "2006.12.28"]
[SourceDate "1999.07.01"]

1. d4 e6 2. c4 d5 3. Nc3 Nf6 4. Nf3 Be7 5. Bg5 O-O 6. e3 h6 7. Bh4 Ne4 8. Bxe7
Qxe7 9. Qc2 c6 10. Bd3 Nxc3 11. Qxc3 dxc4 12. Bxc4 Nd7 13. O-O b6 14. b4 Bb7
15. Be2 a5 16. Rfb1 axb4 17. Rxb4 Ba6 18. Bxa6 1/2-1/2

[Event "3rd XtraCon EMT"]
[Site "Borup DEN"]
[Date "2008.09.12"]
[Round "6"]
[White "Kulaots, K."]
[Black "Grabarczyk, M."]
[Result "1/2-1/2"]
[WhiteElo "2531"]
[BlackElo "2510"]
[PlyCount "62"]
[EventDate "2008.09.05"]
[SourceDate "1999.07.01"]

1. d4 d5 2. c4 e6 3. Nf3 Nf6 4. Nc3 Be7 5. Bg5 O-O 6. e3 h6 7. Bh4 Ne4 8. Bxe7
Qxe7 9. Rc1 c6 10. Bd3 Nxc3 11. Rxc3 Nd7 12. O-O dxc4 13. Bxc4 b6 14. Bd3 c5
15. Be4 Rb8 16. Qc2 Nf6 17. dxc5 Nxe4 18. Qxe4 bxc5 19. b3 Bb7 20. Qf4 Bxf3 21.
Qxf3 Rfd8 22. Rfc1 Rd2 23. R1c2 Rbd8 24. g3 Rxc2 25. Rxc2 Rd5 26. Kg2 Qd6 27.
h4 a6 28. Rc4 Rd2 29. Ra4 Qd3 30. h5 f6 31. g4 Kh7 1/2-1/2

[Event "Greek Cup Final PO Rapid"]
[Site "Kallithea GRE"]
[Date "2008.07.04"]
[Round "2"]
[White "Banikas, H."]
[Black "Mastrovasilis, A."]
[Result "1/2-1/2"]
[WhiteElo "2571"]
[BlackElo "2518"]
[PlyCount "46"]
[EventDate "2008.07.03"]
[SourceDate "1999.07.01"]

1. d4 Nf6 2. c4 e6 3. Nf3 d5 4. Nc3 Be7 5. Bg5 h6 6. Bh4 O-O 7. e3 Ne4 8. Bxe7
Qxe7 9. Rc1 c6 10. a3 Nxc3 11. Rxc3 Nd7 12. Qc2 dxc4 13. Bxc4 e5 14. Ba2 exd4
15. Nxd4 Nf6 16. O-O Rd8 17. Rd1 Bd7 18. Rcd3 c5 19. Ne2 Bf5 20. Rxd8+ Rxd8 21.
Qc1 Rxd1+ 22. Qxd1 Qd7 23. Qxd7 Bxd7 1/2-1/2

[Event "5th GM"]
[Site "Mulhouse FRA"]
[Date "2008.06.27"]
[Round "3"]
[White "Iotov, V."]
[Black "Chatalbashev, B."]
[Result "1/2-1/2"]
[WhiteElo "2531"]
[BlackElo "2605"]
[PlyCount "31"]
[EventDate "2008.06.25"]
[SourceDate "1999.07.01"]

1. d4 d5 2. Nf3 e6 3. c4 Nf6 4. Nc3 Be7 5. Bg5 h6 6. Bh4 O-O 7. e3 Ne4 8. Bxe7
Qxe7 9. Rc1 Nxc3 10. Rxc3 dxc4 11. Bxc4 Nd7 12. O-O e5 13. dxe5 Nxe5 14. Nxe5
Qxe5 15. Qb3 c6 16. Rd1 1/2-1/2

[Event "IX EICC"]
[Site "Plovdiv BUL"]
[Date "2008.04.30"]
[Round "9"]
[White "Macieja, B."]
[Black "Fridman, D2."]
[Result "1/2-1/2"]
[WhiteElo "2599"]
[BlackElo "2640"]
[PlyCount "111"]
[EventDate "2008.04.21"]
[SourceDate "1999.07.01"]

1. d4 d5 2. c4 e6 3. Nf3 Nf6 4. Nc3 Be7 5. Bg5 h6 6. Bh4 O-O 7. e3 Ne4 8. Bxe7
Qxe7 9. Qc2 Nxc3 10. Qxc3 c6 11. Bd3 dxc4 12. Bxc4 b6 13. b4 Bb7 14. O-O Nd7
15. Be2 Rfc8 16. Nd2 a5 17. a3 axb4 18. axb4 Nf6 19. Qb3 Nd5 20. Rxa8 Rxa8 21.
Rb1 e5 22. dxe5 Qxe5 23. Bf3 Qf6 24. Bxd5 cxd5 25. Nf3 d4 26. Nxd4 Qg5 27. f3
Bd5 28. Qc3 Bb7 29. Rf1 g6 30. b5 h5 31. h3 Re8 32. Re1 Rc8 33. Qd2 Re8 34. Qf2
Bc8 35. Kh2 Bd7 36. f4 Qc5 37. Rb1 Ra8 38. Qd2 Bf5 39. Nxf5 Qxf5 40. Rb4 Re8
41. Qd4 Qe6 42. e4 h4 43. Rc4 g5 44. fxg5 Qe5+ 45. Kg1 Qxb5 46. e5 Qb1+ 47. Kh2
b5 48. Rc5 Qe1 49. Qf4 b4 50. Rb5 b3 51. g6 fxg6 52. Qg4 Kg7 53. Qg5 Qe4 54.
Qf6+ Kg8 55. Rxb3 Qxe5+ 56. Qxe5 1/2-1/2

[Event "Russia Cup Final"]
[Site "Serpuhov RUS"]
[Date "2008.11.07"]
[Round "2.1"]
[White "Moiseenko, A1."]
[Black "Landa, K."]
[Result "1/2-1/2"]
[WhiteElo "2678"]
[BlackElo "2613"]
[PlyCount "71"]
[EventDate "2008.11.05"]
[SourceDate "1999.07.01"]

1. d4 d5 2. c4 e6 3. Nf3 Nf6 4. Nc3 Be7 5. Bg5 h6 6. Bh4 O-O 7. e3 Ne4 8. Bxe7
Qxe7 9. Rc1 Nxc3 10. Rxc3 c6 11. Be2 dxc4 12. Bxc4 Nd7 13. O-O e5 14. Qb1 e4
15. Nd2 Nf6 16. b4 Nd5 17. Bxd5 cxd5 18. Rfc1 Qd6 19. Qb3 Be6 20. Nb1 Rfc8 21.
b5 Rxc3 22. Rxc3 Rc8 23. Rxc8+ Bxc8 24. Qc3 Bd7 25. a4 a6 26. bxa6 Qxa6 27. a5
Qe2 28. Qd2 Qb5 29. Qe1 Qa4 30. h3 Bb5 31. Kh2 Bd3 32. Qc3 Bxb1 33. Qc8+ Kh7
34. Qf5+ Kg8 35. Qc8+ Kh7 36. Qf5+ 1/2-1/2

[Event "Russia Cup Final"]
[Site "Serpuhov RUS"]
[Date "2008.11.07"]
[Round "2.1"]
[White "Tomashevsky, E."]
[Black "Khairullin, I."]
[Result "1/2-1/2"]
[WhiteElo "2646"]
[BlackElo "2575"]
[PlyCount "39"]
[EventDate "2008.11.05"]
[SourceDate "1999.07.01"]

1. d4 Nf6 2. c4 e6 3. Nc3 d5 4. Bg5 Be7 5. Nf3 h6 6. Bh4 O-O 7. e3 Ne4 8. Bxe7
Qxe7 9. Qc2 Nxc3 10. Qxc3 dxc4 11. Bxc4 b6 12. O-O Bb7 13. Be2 Rc8 14. b4 Nd7
15. Qb2 Nf6 16. Ne5 Nd7 17. Nf3 Nf6 18. Ne5 Nd7 19. Nf3 Nf6 20. Ne5 1/2-1/2

[Event "7th Gibtelecom Masters"]
[Site "Caleta ENG"]
[Date "2009.02.05"]
[Round "10"]
[White "Dzagnidze, N."]
[Black "Golod, V."]
[Result "1/2-1/2"]
[WhiteElo "2518"]
[BlackElo "2575"]
[PlyCount "62"]
[EventDate "2009.01.27"]
[SourceDate "1999.07.01"]

1. d4 Nf6 2. c4 e6 3. Nc3 d5 4. Bg5 Be7 5. e3 O-O 6. Nf3 h6 7. Bh4 Ne4 8. Bxe7
Qxe7 9. Rc1 c6 10. Bd3 Nxc3 11. Rxc3 dxc4 12. Bxc4 b6 13. O-O Bb7 14. Qe2 Rc8
15. Rfc1 c5 16. h3 cxd4 17. Nxd4 Nc6 18. Nxc6 Rxc6 19. Ba6 Rac8 20. Rxc6 Rxc6
21. Rxc6 Bxc6 22. Qc2 Qd7 23. Bd3 Qd5 24. f3 Qd6 25. Be4 Bxe4 26. Qxe4 a5 27.
a4 f5 28. Qc4 Kf7 29. b3 Qd1+ 30. Kh2 Qd6+ 31. Kg1 Qd1+ 1/2-1/2

[Event "3rd Forni di Sopra Open"]
[Site "?"]
[Date "2012.??.??"]
[Round "7"]
[White "Arun Prasad, S."]
[Black "Tregubov, P."]
[Result "1/2-1/2"]
[WhiteElo "2515"]
[BlackElo "2595"]
[PlyCount "27"]
[EventDate "2012.??.??"]
[SourceDate "1999.07.01"]

1. d4 d5 2. c4 e6 3. Nf3 Nf6 4. Nc3 Be7 5. Bg5 h6 6. Bh4 O-O 7. e3 Ne4 8. Bxe7
Qxe7 9. Rc1 Nxc3 10. Rxc3 c6 11. Bd3 Nd7 12. O-O dxc4 13. Bxc4 b6 14. Bd3
1/2-1/2

[Event "Doroshkevicha Mem Open 2012"]
[Site "Sochi RUS"]
[Date "2012.12.02"]
[Round "7"]
[White "Brodsky, M."]
[Black "Tregubov, P."]
[Result "1/2-1/2"]
[WhiteElo "2563"]
[BlackElo "2601"]
[PlyCount "39"]
[EventDate "2012.11.26"]
[SourceDate "1999.07.01"]

1. d4 d5 2. c4 e6 3. Nc3 Nf6 4. Nf3 Be7 5. Bg5 h6 6. Bh4 O-O 7. e3 Ne4 8. Bxe7
Qxe7 9. Rc1 Nxc3 10. Rxc3 c6 11. Be2 Nd7 12. O-O dxc4 13. Bxc4 b6 14. Bd3 c5
15. Qc2 Bb7 16. Bh7+ Kh8 17. Be4 Bxe4 18. Qxe4 Nf6 19. Qc2 Nd5 20. Rc4 1/2-1/2

[Event "Remco Heite Inv Blitz Playoff"]
[Site "Wolvega NED"]
[Date "2012.11.18"]
[Round "3"]
[White "Van Wely, L."]
[Black "Fridman, D."]
[Result "1/2-1/2"]
[WhiteElo "2691"]
[BlackElo "2668"]
[PlyCount "60"]
[EventDate "2012.11.18"]
[SourceDate "1999.07.01"]

1. d4 d5 2. c4 e6 3. Nc3 Be7 4. Nf3 Nf6 5. Bg5 h6 6. Bh4 O-O 7. e3 Ne4 8. Bxe7
Qxe7 9. Rc1 c6 10. g4 Nd7 11. Rg1 Ng5 12. Nxg5 Qxg5 13. Qf3 e5 14. h4 Qxh4 15.
cxd5 exd4 16. exd4 Re8+ 17. Kd2 Nf6 18. dxc6 bxc6 19. Qf4 Nxg4 20. Be2 h5 21.
Ne4 Qe7 22. f3 Qb4+ 23. Kc2 Bf5 24. Rcd1 Rab8 25. b3 Qa3 26. Kb1 Bxe4+ 27. fxe4
Rxb3+ 28. axb3 Qxb3+ 29. Kc1 Qc3+ 30. Kb1 Qb3+ 1/2-1/2

[Event "Remco Heite Inv"]
[Site "Wolvega NED"]
[Date "2012.11.16"]
[Round "1.3"]
[White "Van Wely, L."]
[Black "Fridman, D."]
[Result "1-0"]
[WhiteElo "2691"]
[BlackElo "2668"]
[PlyCount "103"]
[EventDate "2012.11.16"]
[SourceDate "1999.07.01"]

1. d4 d5 2. c4 e6 3. Nc3 Be7 4. Nf3 Nf6 5. Bg5 h6 6. Bh4 O-O 7. e3 Ne4 8. Bxe7
Qxe7 9. Rc1 c6 10. g4 Nd7 11. h4 f5 12. gxf5 Rxf5 13. Nxe4 dxe4 14. Nd2 e5 15.
d5 Nc5 16. Qc2 Bd7 17. b4 Nd3+ 18. Bxd3 exd3 19. Qxd3 cxd5 20. cxd5 Qxb4 21. e4
Rf4 22. f3 Qd6 23. Rc3 a6 24. Kd1 Rff8 25. Kc2 Qb6 26. Qe3 Qb4 27. Rb1 Ba4+ 28.
Kc1 Qe7 29. Rb6 Qxh4 30. Rxb7 Rab8 31. Rxb8 Rxb8 32. Nb3 Qh2 33. Rc2 Qh1+ 34.
Kb2 Rf8 35. Rc3 Qg2+ 36. Ka3 Bb5 37. Qb6 Rxf3 38. Qe6+ Kh7 39. Rxf3 Qxf3 40.
Qxe5 h5 41. Qe7 Qf6 42. Qc7 h4 43. e5 Qf5 44. Qc3 h3 45. Qg3 Qh5 46. Nd4 h2 47.
Ne6 g6 48. Qf4 Qh3+ 49. Kb4 h1=Q 50. Ng5+ Kg7 51. Qf6+ Kh6 52. Nf7+ 1-0

[Event "TCh-AUT 2012-13"]
[Site "Hohenems AUT"]
[Date "2012.11.04"]
[Round "3.1"]
[White "Babula, V."]
[Black "Baramidze, D."]
[Result "1/2-1/2"]
[WhiteElo "2585"]
[BlackElo "2615"]
[PlyCount "60"]
[EventDate "2012.11.02"]
[EventType "team"]
[SourceDate "1999.07.01"]
[WhiteTeam "Union Ansfelden"]
[BlackTeam "SK Hohenems"]

1. d4 d5 2. c4 e6 3. Nc3 Be7 4. Nf3 Nf6 5. Bg5 h6 6. Bh4 O-O 7. e3 Ne4 8. Bxe7
Qxe7 9. Rc1 c6 10. Be2 Nd7 11. O-O Nxc3 12. Rxc3 dxc4 13. Bxc4 e5 14. Bb3 Rd8
15. Re1 exd4 16. exd4 Qd6 17. d5 cxd5 18. Qxd5 Qxd5 19. Bxd5 Nf8 20. Bb3 Be6
21. Kf1 Rac8 22. Rec1 Rxc3 23. Rxc3 Bxb3 24. Rxb3 Rd7 25. Ke2 Ne6 26. g3 Kf8
27. Rd3 Rc7 28. Nd4 Nxd4+ 29. Rxd4 Rc2+ 30. Rd2 Rc7 1/2-1/2

[Event "7th Americas Continental Playoff 2012"]
[Site "Mar del Plata ARG"]
[Date "2012.10.21"]
[Round "1.2"]
[White "Shabalov, A."]
[Black "Kaidanov, G."]
[Result "1/2-1/2"]
[WhiteElo "2570"]
[BlackElo "2587"]
[PlyCount "27"]
[EventDate "2012.10.21"]
[SourceDate "1999.07.01"]

1. c4 e6 2. Nc3 d5 3. d4 Be7 4. Nf3 Nf6 5. Bg5 O-O 6. e3 h6 7. Bh4 Ne4 8. Bxe7
Qxe7 9. Rc1 c6 10. Bd3 Nxc3 11. Rxc3 dxc4 12. Bxc4 Nd7 13. O-O b6 14. Bd3
1/2-1/2

[Event "17th European Club Cup w"]
[Site "Eilat ISR"]
[Date "2012.10.15"]
[Round "5.1"]
[White "Gunina, V."]
[Black "Harika, D."]
[Result "0-1"]
[WhiteElo "2514"]
[BlackElo "2512"]
[PlyCount "104"]
[EventDate "2012.10.11"]
[SourceDate "1999.07.01"]
[WhiteTeam "SHSM-Nashe Nasledie"]
[BlackTeam "Mika"]

1. d4 Nf6 2. c4 e6 3. Nf3 d5 4. Nc3 Be7 5. Bg5 h6 6. Bh4 O-O 7. e3 Ne4 8. Bxe7
Qxe7 9. cxd5 Nxc3 10. bxc3 exd5 11. Qb3 Rd8 12. Be2 c5 13. dxc5 Qxc5 14. O-O b6
15. Rfd1 Ba6 16. Nd4 Bxe2 17. Nxe2 Nc6 18. Nf4 Ne7 19. Rd3 Rd6 20. Rad1 Rad8
21. R1d2 b5 22. Qd1 Qc4 23. g3 R8d7 24. h4 a6 25. h5 f5 26. Kh2 Kh7 27. f3 Rf6
28. Qg1 Rc7 29. g4 fxg4 30. Qxg4 Rc8 31. Rd4 Qxc3 32. Nxd5 Nxd5 33. Rxd5 Rc4
34. Qg3 Qxe3 35. Rg2 Qf4 36. Rd7 Rf7 37. Rxf7 Qxf7 38. Qg6+ Kg8 39. Qxh6 Qc7+
40. f4 Qxf4+ 41. Qxf4 Rxf4 42. Rg6 Ra4 43. Kg3 Kh7 44. Rb6 Rxa2 45. Kg4 Ra4+
46. Kg5 b4 47. Kg4 a5 48. Kg3 Ra3+ 49. Kg4 Ra1 50. Rb5 a4 51. h6 a3 52. hxg7
Rg1+ 0-1

[Event "3rd Copa Latino-Americana"]
[Site "Cali COL"]
[Date "2012.10.09"]
[Round "9.1"]
[White "Almeida Quintana, O."]
[Black "Ortiz Suarez, I."]
[Result "1/2-1/2"]
[WhiteElo "2520"]
[BlackElo "2579"]
[PlyCount "21"]
[EventDate "2012.10.04"]
[SourceDate "1999.07.01"]

1. d4 d5 2. c4 e6 3. Nc3 Nf6 4. Bg5 Be7 5. e3 h6 6. Bh4 O-O 7. Nf3 Ne4 8. Bxe7
Qxe7 9. Qc2 Nxc3 10. Qxc3 c6 11. Be2 1/2-1/2

[Event "2nd Metropolitan International"]
[Site "Los Angeles USA"]
[Date "2012.08.17"]
[Round "6"]
[White "Gareev, T."]
[Black "Moradiabadi, E."]
[Result "1-0"]
[WhiteElo "2658"]
[BlackElo "2570"]
[PlyCount "55"]
[EventDate "2012.08.14"]
[EventType "swiss"]
[SourceDate "1999.07.01"]

1. d4 d5 2. c4 e6 3. Nc3 Be7 4. Nf3 Nf6 5. Bg5 h6 6. Bh4 O-O 7. e3 Ne4 8. Bxe7
Qxe7 9. Rc1 c6 10. h4 Nd7 11. g4 Nxc3 12. Rxc3 dxc4 13. Bxc4 b5 14. Be2 Bb7 15.
g5 h5 16. O-O g6 17. Nd2 b4 18. Rc4 Rac8 19. Qa4 c5 20. dxc5 Nxc5 21. Qxa7 Rc7
22. Qb6 Bd5 23. Rc2 f6 24. e4 Bxa2 25. Rfc1 Rd7 26. Rxc5 Rxd2 27. Rc7 Rd7 28.
Rxd7 1-0

[Event "81st ch-UKR 2012"]
[Site "Kiev UKR"]
[Date "2012.07.28"]
[Round "2.3"]
[White "Kuzubov, Y."]
[Black "Miroshnichenko, E."]
[Result "1/2-1/2"]
[WhiteElo "2623"]
[BlackElo "2621"]
[PlyCount "40"]
[EventDate "2012.07.27"]
[SourceDate "1999.07.01"]

1. d4 d5 2. c4 e6 3. Nc3 Be7 4. Nf3 Nf6 5. Bg5 h6 6. Bh4 O-O 7. e3 Ne4 8. Bxe7
Qxe7 9. Rc1 c6 10. Bd3 Nxc3 11. Rxc3 Nd7 12. O-O e5 13. dxe5 dxc4 14. Bxc4 Nxe5
15. Nxe5 Qxe5 16. Qd2 Qe7 17. Rd1 Bf5 18. Rcc1 Bg4 19. Be2 Rfd8 20. Qc2 Bxe2
1/2-1/2

[Event "Int Open ch-SVK 2012"]
[Site "Banska Stiavnica SVK"]
[Date "2012.07.15"]
[Round "9.2"]
[White "Michalik, P."]
[Black "Babula, V."]
[Result "1/2-1/2"]
[WhiteElo "2505"]
[BlackElo "2585"]
[PlyCount "43"]
[EventDate "2012.07.07"]
[SourceDate "1999.07.01"]

1. d4 Nf6 2. c4 e6 3. Nf3 d5 4. Nc3 Be7 5. Bg5 h6 6. Bh4 O-O 7. e3 Ne4 8. Bxe7
Qxe7 9. Rc1 c6 10. Qc2 Nxc3 11. Qxc3 Nd7 12. Bd3 dxc4 13. Bxc4 b6 14. O-O Bb7
15. Be2 Rfc8 16. Rfd1 c5 17. Qa3 a6 18. dxc5 Rxc5 19. Rxc5 Nxc5 20. Qb4 Qc7 21.
Qd4 Bd5 22. Qc3 1/2-1/2

[Event "4th Rethymno Open"]
[Site "Rethymno GRE"]
[Date "2012.07.13"]
[Round "8.3"]
[White "Rychagov, A."]
[Black "Svetushkin, D."]
[Result "1-0"]
[WhiteElo "2517"]
[BlackElo "2592"]
[PlyCount "83"]
[EventDate "2012.07.07"]
[SourceDate "1999.07.01"]

1. d4 Nf6 2. c4 e6 3. Nf3 d5 4. Nc3 Be7 5. Bg5 h6 6. Bh4 O-O 7. e3 Ne4 8. Bxe7
Qxe7 9. Rc1 c6 10. Bd3 Nxc3 11. Rxc3 Nd7 12. Qc2 Re8 13. cxd5 exd5 14. O-O Nf6
15. Rb1 Ne4 16. Bxe4 dxe4 17. Ne5 a5 18. Rc5 Be6 19. b3 Bd5 20. h3 g5 21. Nc4
Qd8 22. Nd2 f5 23. Re1 Re6 24. Qd1 Kh7 25. f3 exf3 26. Nxf3 g4 27. hxg4 fxg4
28. Ne5 Qh4 29. e4 Rf8 30. Rc3 Qf2+ 31. Kh2 Qh4+ 32. Kg1 g3 33. Nf3 Qh5 34.
Rce3 Ref6 35. exd5 Rxf3 36. Qe2 R3f5 37. Rxg3 Qh4 38. Rf1 Qxd4+ 39. Kh1 Qh4+
40. Rh3 Qg4 41. Rhf3 Kg6 42. d6 1-0